Las Reformas agrarias y el desarrollo agrícola /
Gespeichert in:
| 1. Verfasser: | |
|---|---|
| Format: | Text |
| Tags: |
Tag hinzufügen
Keine Tags, Fügen Sie den ersten Tag hinzu!
|
MARC
| LEADER | 00000 a a2200000 04500 | ||
|---|---|---|---|
| 001 | 702 | ||
| 003 | |||
| 040 | |||
| 100 | |a Kovaliov, Eugueni | ||
| 245 | |a Las Reformas agrarias y el desarrollo agrícola / |c Eugueni Kovaliov | ||
| 773 | |g número 9; páginas 69-82 | ||
| 999 | |c 27359 |d 27359 | ||
